Next 5 Words: Christmas Music Quiz Stats

Quiz Updated Dec 10, 2014

Challenge
Share
Tweet
Embed
Score 0/80 Timer 10:00
0 Plays Today
% Correct
a
98.7%
a
98.7%
in
97.2%
in
97.2%
you
96.6%
to
96.1%
To
96.1%
the
95.3%
the
95.3%
the
95.3%
He
94.6%
do
94.4%
down
93.7%
down
93.7%
when
93.6%
when
93.6%
go
93.3%
knows
93.2%
awake
92.7%
winter
92.6%
and
92.5%
and
92.5%
sleigh
92.5%
wonderland
92.4%
ride
92.2%
history'
92.2%
you're
91.9%
walking
91.8%
with
91.1%
be
90.4%
New
90.1%
you'll
90%
together
89.5%
Year
88.7%
happy
88.6%
your
88%
tonight
87.6%
tonight
87.6%
will
86.8%
night
85.5%
% Correct
away
85.4%
chimney
81.8%
rock
81.7%
Santa
80.1%
door
77.8%
door
77.8%
out
77%
of
76.9%
Claus
76.8%
on
76.3%
sight
74.2%
'cause
73.3%
comes
71.8%
front
71.1%
hurry
71%
king
70.9%
we'll
68.2%
some
67.8%
caroling
65.8%
own
63.9%
up
63.8%
like
61.9%
Eskimos
60.6%
dressed
60%
my
59.9%
folks
56%
Christmas
55%
near
54.4%
are
52.1%
before
48.7%
standing
48.3%
right
47.1%
ones
45.5%
lay
45.4%
loved
45.4%
outside
44%
Merry
41.1%
merry
41.1%
merry
41.1%
merry
41.1%

You're not logged in!

Compare scores with friends on all Sporcle quizzes.
Sign Up with Email
OR
Log In

You Might Also Like...

Show Comments

Extras

Top Quizzes Today


Score Distribution

Your Account Isn't Verified!

In order to create a playlist on Sporcle, you need to verify the email address you used during registration. Go to your Sporcle Settings to finish the process.